00505nam a2200157Ia 4500008004100000020002200041082001800063100002400081245004400105250001600149260003400165300001000199942001200209999001900221952010700240210430s9999 xx 000 0 und d a978-81-203-4082-4 a670.42 K211 M aJ.P.Kaushish954124 aManufacturing Processes /cJ.P.Kaushish a2nd edition aNew delhibPHI Learningc2010 a1007p cBK2ddc c564595d564595 001040708NFICaSCMEbSCMEcGENd0000-00-00l0o670.42 K211 MpSCME-3814r2021-04-30w2021-04-30yBK